LEADER 02726oam 2200589I 450 001 9910461508503321 005 20170815153943.0 010 $a1-136-07158-X 010 $a1-283-44797-5 010 $a9786613447975 010 $a0-240-82383-4 024 7 $a10.4324/9780240823836 035 $a(CKB)2670000000140791 035 $a(EBL)858741 035 $a(OCoLC)775872701 035 $a(SSID)ssj0000629800 035 $a(PQKBManifestationID)11374384 035 $a(PQKBTitleCode)TC0000629800 035 $a(PQKBWorkID)10732628 035 $a(PQKB)11784665 035 $a(OCoLC)776632425 035 $a(MiAaPQ)EBC858741 035 $a(EXLCZ)992670000000140791 100 $a20180706d2012 uy 0 101 0 $aeng 135 $aur|n|---||||| 181 $ctxt 182 $cc 183 $acr 200 10$aFinal Cut Pro X for iMovie and Final Cut Express users $emaking the creative leap /$fTom Wolsky 210 1$aWaltham, Mass. :$cFocal Press,$d2012. 215 $a1 online resource (392 p.) 300 $aIncludes index. 311 $a1-138-37222-6 311 $a0-240-82366-4 327 $aMachine generated contents note: LESSON 1: Getting Started LESSON 2: The Interface LESSON 3: Preferences & Importing LESSON 4: Organization LESSON 5: Editing Basics: The Edit Functions LESSON 6: Advanced Editing: Trimming LESSON 7: Working With Audio LESSON 8: Adding Transitions LESSON 9: Basic Titles LESSON 10: Adding Effects LESSON 11: Color Correction LESSON 12: Animating Images LESSON 13: Compositing LESSON 14: Outputting from Final Cut Pro. 330 $aUpdates and addendum for the new version of FCPX (10.0.3) are available on the companion website, fcpxbook.com.Are you an iMovie or Final Cut Express user ready to make the jump to Final Cut Pro? If so, look no further.Take your movies to the next level with this easy-to-follow, hand-on guide from one of the preeminent Apple trainers in the world today. Author Tom Wolsky starts with the basics of Final Cut Pro X, allowing you to easily make the leap from Final Cut Express or iMovie, then gradually introduces you to more complex techniques with step-by-step tu 606 $aVideo tapes$xEditing$xData processing 606 $aDigital video$xEditing$xData processing 608 $aElectronic books. 615 0$aVideo tapes$xEditing$xData processing. 615 0$aDigital video$xEditing$xData processing. 676 $a777.55 676 $a777.55028553 700 $aWolsky$b Tom.$0992329 801 0$bMiAaPQ 801 1$bMiAaPQ 801 2$bMiAaPQ 906 $aBOOK 912 $a9910461508503321 996 $aFinal Cut Pro X for iMovie and Final Cut Express users$92272260 997 $aUNINA LEADER 04001nam 22006255 450 001 9910742482303321 005 20230823092245.0 010 $a3-031-29122-0 024 7 $a10.1007/978-3-031-29122-7 035 $a(MiAaPQ)EBC30719890 035 $a(Au-PeEL)EBL30719890 035 $a(DE-He213)978-3-031-29122-7 035 $a(PPN)272261386 035 $a(CKB)28044449400041 035 $a(EXLCZ)9928044449400041 100 $a20230823d2023 u| 0 101 0 $aeng 135 $aurcnu|||||||| 181 $ctxt$2rdacontent 182 $cc$2rdamedia 183 $acr$2rdacarrier 200 10$aDirect Methods for Limit State of Materials and Structures $eAdvanced Computational Algorithms and Material Modelling /$fedited by Giovanni Garcea, Dieter Weichert 205 $a1st ed. 2023. 210 1$aCham :$cSpringer Nature Switzerland :$cImprint: Springer,$d2023. 215 $a1 online resource (295 pages) 225 1 $aLecture Notes in Applied and Computational Mechanics,$x1860-0816 ;$v101 311 08$aPrint version: Garcea, Giovanni Direct Methods for Limit State of Materials and Structures Cham : Springer,c2023 9783031291210 327 $aDirect methods: History, present and future -- A unified shakedown limit equation for pavements and railways under repeated traffic loads -- Elastic-plastic optimisation of a cable-rib satellite antenna -- An introduction to the probabilistic linear matching method framework for structural integrity assessment under uncertain design conditions -- Peak load prediction of human bone proximal femur: sensitivity to tissues strength and geometry -- Graded damage solutions in one dimension -- Fatigue strength prediction of high silicon alloyed nodular cast iron by shakedown analysis -- A macroscopic fatigue criterion for ductile porous materials with Drucker-Prager dilatant matrix basing on the shakedown theory -- A direct method for cyclic crystal plasticity with application to high-cycle fatigue -- Masonry domes under complex loading conditions: A shell-based static limit analysis approach -- Robust optimization applied to uncertain limit analysis -- Advances of the RSDM-S: robusteness and convergence issues -- Mixed fiber elements and incremental-iterative algorithm for shakedown and limit fire analysis of 3D frames. 330 $aThis book provides an overview of direct methods, such as limit and shakedown analysis, which are intended for avoiding cumbersome step-by-step calculations to determine the limit states of mechanical structures under monotone, cyclic or variable actions with unknown loading history. The book comprises several contributions that demonstrate how tremendous advances in numerical methods, especially in optimization, have contributed to the success of direct methods and their applicability to practical engineering problems in structural mechanics and mechanics of materials. The contents reflect the outcomes of the workshop ?Direct Methods for Limit State of Materials and Structures,? held in Cosenza, Italy in June 2022. 410 0$aLecture Notes in Applied and Computational Mechanics,$x1860-0816 ;$v101 606 $aMechanics, Applied 606 $aSolids 606 $aNanotechnology 606 $aMathematics$xData processing 606 $aSolid Mechanics 606 $aNanotechnology 606 $aComputational Science and Engineering 615 0$aMechanics, Applied. 615 0$aSolids. 615 0$aNanotechnology. 615 0$aMathematics$xData processing. 615 14$aSolid Mechanics. 615 24$aNanotechnology. 615 24$aComputational Science and Engineering. 676 $a620.11015118 676 $a620.11015118 700 $aGarcea$b Giovanni$01425519 701 $aWeichert$b Dieter$0496142 801 0$bMiAaPQ 801 1$bMiAaPQ 801 2$bMiAaPQ 906 $aBOOK 912 $a9910742482303321 996 $aDirect Methods for Limit State of Materials and Structures$93555946 997 $aUNINA LEADER 03437nam 22007455 450 001 9910483731503321 005 20251226195700.0 010 $a3-319-24249-0 024 7 $a10.1007/978-3-319-24249-1 035 $a(CKB)4340000000001116 035 $a(SSID)ssj0001584971 035 $a(PQKBManifestationID)16264204 035 $a(PQKBTitleCode)TC0001584971 035 $a(PQKBWorkID)14865391 035 $a(PQKB)10909453 035 $a(DE-He213)978-3-319-24249-1 035 $a(MiAaPQ)EBC6285648 035 $a(MiAaPQ)EBC5587363 035 $a(Au-PeEL)EBL5587363 035 $a(OCoLC)921302279 035 $a(PPN)190528494 035 $a(EXLCZ)994340000000001116 100 $a20150907d2015 u| 0 101 0 $aeng 135 $aurnn|008mamaa 181 $ctxt 182 $cc 183 $acr 200 10$aComputer Safety, Reliability, and Security $eSAFECOMP 2015 Workshops, ASSURE, DECSoS. ISSE, ReSA4CI, and SASSUR, Delft, The Netherlands, September 22, 2015, Proceedings /$fedited by Floor Koornneef, Coen van Gulijk 205 $a1st ed. 2015. 210 1$aCham :$cSpringer International Publishing :$cImprint: Springer,$d2015. 215 $a1 online resource (XXXVI, 422 p. 170 illus. in color.) 225 1 $aProgramming and Software Engineering,$x2945-9168 ;$v9338 300 $aIncludes index. 311 08$a3-319-24248-2 330 $aThis book constitutes the refereed proceedings of 5 workshops co-located with SAFECOMP 2015, the 34th International Conference on Computer Safety, Reliability, and Security, held in Delft, The Netherlands, in September 2015. The 36 revised full papers presented were carefully reviewed and selected from numerous submissions. This year?s workshop are: ASSURE 2015 - Assurance Cases for Software-intensive Systems; DECSoS'15 - EWICS/ERCIM/ARTEMIS Dependable Cyber-physical Systems and Systems-of-Systems Workshop; ISSE'15 - International workshop on the Integration of Safety and Security Engineering; ReSA4CI 2015 - International Workshop on Reliability and Security Aspects for Critical Infrastructure Protection; SASSUR 2015 - International Workshop on Next Generation of System Assurance Approaches for Safety-Critical Systems. . 410 0$aProgramming and Software Engineering,$x2945-9168 ;$v9338 606 $aComputer science 606 $aSoftware engineering 606 $aData protection 606 $aComputer engineering 606 $aComputer networks 606 $aComputer Science Logic and Foundations of Programming 606 $aSoftware Engineering 606 $aData and Information Security 606 $aComputer Engineering and Networks 615 0$aComputer science. 615 0$aSoftware engineering. 615 0$aData protection. 615 0$aComputer engineering. 615 0$aComputer networks. 615 14$aComputer Science Logic and Foundations of Programming. 615 24$aSoftware Engineering. 615 24$aData and Information Security. 615 24$aComputer Engineering and Networks. 676 $a004 702 $aKoornneef$b Floor$4edt$4http://id.loc.gov/vocabulary/relators/edt 702 $avan Gulijk$b Coen$4edt$4http://id.loc.gov/vocabulary/relators/edt 801 0$bMiAaPQ 801 1$bMiAaPQ 801 2$bMiAaPQ 906 $aBOOK 912 $a9910483731503321 996 $aComputer Safety, Reliability, and Security$92908259 997 $aUNINA